| 000 -LEADER |
| fixed length control field |
02440nam a22002177a 4500 |
| 003 - CONTROL NUMBER IDENTIFIER |
| control field |
OSt |
| 005 - DATE AND TIME OF LATEST TRANSACTION |
| control field |
20260429135446.0 |
| 008 - FIXED-LENGTH DATA ELEMENTS--GENERAL INFORMATION |
| fixed length control field |
260429b ||||| |||| 00| 0 eng d |
| 040 ## - CATALOGING SOURCE |
| Original cataloging agency |
BSHUA |
| Language of cataloging |
Shqip |
| 050 ## - LIBRARY OF CONGRESS CALL NUMBER |
| Item number |
05:7/For. |
| 082 ## - DEWEY DECIMAL CLASSIFICATION NUMBER |
| Item number |
05:7/For. |
| 245 ## - TITLE STATEMENT |
| Title |
FORUM + October 2025, Vol.32 no.2 |
| 260 ## - PUBLICATION, DISTRIBUTION, ETC. (IMPRINT) |
| Place of publication, distribution, etc |
Antwerpen: |
| Name of publisher, distributor, etc |
Brepols, |
| Date of publication, distribution, etc |
2025. |
| 300 ## - PHYSICAL DESCRIPTION |
| Extent |
80 f.; + katalog |
| Dimensions |
30 cm. |
| 500 ## - GENERAL NOTE |
| General note |
Contributors<br/>Brepols<br/>Publisher<br/>Julie De Smedt<br/>Communication adviser<br/>Liese Stuer<br/>Lay-out print issue<br/>Vrints-Kolsteren<br/>Graphic design<br/>Kevin Dendievel<br/>Web developer<br/>Richard Crangle<br/>Copy editor for English-language contributions |
| 501 ## - WITH NOTE |
| With note |
In this October issue of FORUM+, we explore how artistic research can shine a light in difficult times and help us imagine new possibilities. The contributions in this edition show how artists and researchers work with uncertainty, stay open to change, and create new ways of understanding through unexpected encounters. Rather than focusing only on individual expression, these pieces highlight the importance of shared experiences and ongoing processes. By embracing exchange, collaboration, and mixing different ideas and practices, artistic research can become a powerful tool for resistance and renewal. We hope this issue of FORUM+ inspires you to (re)imagine the world and its many possibilities.<br/>https://forum-online.be/en/issues/oktober-2025 |
| 653 ## - INDEX TERM--UNCONTROLLED |
| Uncontrolled term |
Revistat - Revistat nderkombetare - Reviste arti - Kerkimi shkencor - Kerkimi ne arte - Kerkimi artistik - Gjuha angleze - |
| -- |
Waiting and the worlds we imagine - Golnesa Rezanezhad Pishkhani - |
| -- |
Walking the unmapped. A proposal for reimagining the history of art residencies through cross-cultural methodologies - Pau Catà - |
| -- |
Eco-tonality. An ecology with sound in capitalist ruins - Leonardo Barbierato - |
| -- |
Moving between artistic research, cultural institutions, and community building - Danae Theodoridou - |
| -- |
Research is encounter. The epistemological anchoring of artistic research in the artistic attitude - Anke Coumans - Bibi Straatman - |
| -- |
Creativity and collaboration in fashion education. Languages, skills, and methodologies in a collaborative learning approach - Andrea Cammarosano |
| -- |
Never too old to make a scene. Theatre with older adults in residential care centres - Lies Vandeburi - |
| -- |
On diversity and singularity in artistic research Falk Hübner |
| 856 ## - ELECTRONIC LOCATION AND ACCESS |
| Link text |
Fulltext |
| 942 ## - ADDED ENTRY ELEMENTS (KOHA) |
| Source of classification or shelving scheme |
|
| Koha item type |
Serials |
| 953 ## - Fulltext |
| Is Fulltext Available |
Unavailable |